Физическая химия: учебник

Bibliographic Details
Main Author: Стромберг А. Г. Армин Генрихович
Other Authors: Семченко Д. П. Дмитрий Платонович
Summary:С дарственной надписью автора.
Учебник написан на современном научно-методическом уровне. В нем отражены достижения физико-химической науки по всем ее трем методам: квантовой химии, химической термодинамики и химической кинетики и катализа. Для лучшего усвоения материалов и его практического применения после многих параграфов помещены расчетные примеры.
Language:Russian
Published: Москва, Высшая школа, 1999
Edition:3-е изд., испр и доп.
Subjects:
Format: MixedMaterials Book
KOHA link:https://koha.lib.tpu.ru/cgi-bin/koha/opac-detail.pl?biblionumber=12234

MARC

LEADER 00000nam0a2200000 4500
001 12234
005 20240314132116.0
010 |a 5060036278 
035 |a (RuTPU)RU\TPU\book\12310 
035 |a BOOK00012376 
090 |a 12234 
100 |a 20011209d1999 m y0rusy50 ca 
101 0 |a rus 
102 |a RU 
105 |a a j 000zy 
200 1 |a Физическая химия  |e учебник  |f А. Г. Стромберг, Д. П. Семченко 
205 |a 3-е изд., испр и доп. 
210 |a Москва  |c Высшая школа  |d 1999 
215 |a 527 с.  |c ил. 
300 |a С дарственной надписью автора. 
330 |a Учебник написан на современном научно-методическом уровне. В нем отражены достижения физико-химической науки по всем ее трем методам: квантовой химии, химической термодинамики и химической кинетики и катализа. Для лучшего усвоения материалов и его практического применения после многих параграфов помещены расчетные примеры. 
451 1 |0 (RuTPU)RU\TPU\book\33543  |y 5-06-003627-8  |t Физическая химия  |o учебное пособие  |f А. Г. Стромберг, Д. П. Семченко  |e 4-е изд., испр.  |c М.  |n Высшая школа  |d 1988  |p 496 с.  |a Стромберг, Армин Генрихович 
451 1 |0 (RuTPU)RU\TPU\book\31148  |t Физическая химия  |o учебник  |f А. Г. Стромберг, Д. П. Семченко  |c М.  |n Высшая школа  |d 2001  |p 527 с.  |a Стромберг, Армин Генрихович 
606 1 |a Физическая химия  |2 stltpush  |3 (RuTPU)RU\TPU\subj\67669  |9 83390 
610 1 |a квантовая химия 
610 1 |a химическая термодинамика 
610 1 |a химическая кинетика 
610 1 |a катализ 
610 1 |a синергетика 
610 1 |a учебные пособия 
610 1 |a труды учёных ТПУ 
610 1 |a библиотека А. Г. Стромберга 
675 |a 544(075.8)  |v 3 
700 1 |a Стромберг  |b А. Г.  |c химик, специалист в области классической полярографии и инверсионной вольтамперометрии  |c профессор Томского политехнического института  |f 1910-2004  |g Армин Генрихович  |3 (RuTPU)RU\TPU\pers\11188  |4 070  |9 2478 
701 1 |a Семченко  |b Д. П.  |g Дмитрий Платонович 
801 0 |a RU  |b 63413507  |c 20011209  |g PSBO 
801 2 |a RU  |b 63413507  |c 20201123  |g PSBO 
942 |c BK